El Consell de Pedagogia i la seva obra
Descripción Física:
[7] p. ; 21 cm
MARC
| LEADER | 00000nam a2200000Ia 4500 | ||
|---|---|---|---|
| 001 | 10276 | ||
| 008 | 160829s1918 xx 000 0 cat d | ||
| 080 | |a RF-7-33 | ||
| 110 | 1 | |a Barcelona (Catalunya : Província). |b Consell de Pedagogia |9 54044 | |
| 245 | |a El Consell de Pedagogia i la seva obra | ||
| 260 | |a Barcelona : |b (La Neotipia), |c 1918 | ||
| 300 | |a [7] p. ; |c 21 cm | ||
| 590 | |a Separata de 'Guia de les Institucions Científiques i d'Ensenyança', publicada pel Consell, el 1916 | ||
| 650 | |a Barcelona. Diputació. Consell de Pedagogia | ||
| 856 | 4 | |u https://media.diba.cat/diba/fitxers/arxiu/fulletons/bib_10276_1918_baixa.pdf |y Accés lliure | |
| 856 | 4 | |u https://media.diba.cat/diba/fitxers/arxiu/fulletons/bib_10276_1918_baixa.pdf |y Accés lliure | |
| 901 | |a Arxiu | ||
| 942 | |n 1 |2 udc | ||
| 952 | |0 0 |1 0 |4 0 |6 RF733 |7 1 |9 47621 |a Arxiu |b Arxiu |d 2016-12-01 |l 0 |o RF-7-33 |p 10276 |r 2016-12-01 00:00:00 |w 2016-12-01 |y ARXIU | ||
| 999 | |c 51420 |d 51420 | ||
| 900 | |a bib_10276_1918_baixa.pdf | ||